[Event "Deutsche Ländermeisterschaft 2025"]
[Site "Oer-Erkenschwick GER"]
[Date "2025.10.03"]
[Round "4"]
[White "Kübart, Ela Marie"]
[Black "Ratushna, Olha"]
[Result "0-1"]
[Termination "normal"]
[Board "2.8"]
[WhiteElo "1628"]
[BlackElo "1650"]
[WhiteClock "00:15:39"]
[BlackClock "00:16:19"]
[WhiteTeam "Baden"]
[BlackTeam "Bayern"]
[PlyCount "76"]
[WhiteFideId "34633723"]
[BlackFideId "34172602"]
[EventCountry "GER"]
[EventRounds "7"]
[EventType "team-swiss"]
[EventDate "2025.09.30"]

1. d4 {[%clk 01:30:58]} {[%emt 00:00:02]} Nf6 {[%clk 01:30:55]} {[%emt
00:00:05]} 2. Nf3 {[%clk 01:31:18]} {[%emt 00:00:10]} g6 {[%clk 01:31:11]}
{[%emt 00:00:14]} 3. Nbd2 {[%clk 01:31:36]} {[%emt 00:00:11]} Bg7 {[%clk
01:30:57]} {[%emt 00:00:44]} 4. e4 {[%clk 01:31:50]} {[%emt 00:00:17]} d6
{[%clk 01:31:13]} {[%emt 00:00:13]} 5. Bd3 {[%clk 01:31:59]} {[%emt 00:00:21]}
O-O {[%clk 01:31:00]} {[%emt 00:00:43]} 6. O-O {[%clk 01:32:18]} {[%emt
00:00:11]} Nbd7 {[%clk 01:31:17]} {[%emt 00:00:14]} 7. c3 {[%clk 01:32:04]}
{[%emt 00:00:43]} e5 {[%clk 01:30:36]} {[%emt 00:01:11]} 8. d5 {[%clk
01:31:44]} {[%emt 00:00:50]} Nc5 {[%clk 01:30:36]} {[%emt 00:00:30]} 9. Qc2
{[%clk 01:31:19]} {[%emt 00:00:51]} Nxd3 {[%clk 01:30:07]} {[%emt 00:01:02]}
10. Qxd3 {[%clk 01:31:33]} {[%emt 00:00:16]} Ne8 {[%clk 01:30:24]} {[%emt
00:00:14]} 11. Nc4 {[%clk 01:26:18]} {[%emt 00:05:44]} f5 {[%clk 01:28:33]}
{[%emt 00:02:21]} 12. Bg5 {[%clk 01:23:21]} {[%emt 00:03:26]} Nf6 {[%clk
01:27:33]} {[%emt 00:01:31]} 13. exf5 {[%clk 01:20:45]} {[%emt 00:03:05]} Bxf5
{[%clk 01:24:02]} {[%emt 00:04:03]} 14. Qe2 {[%clk 01:17:42]} {[%emt 00:03:31]}
Qe8 {[%clk 01:22:49]} {[%emt 00:01:39]} 15. Ne3 {[%clk 01:16:36]} {[%emt
00:01:40]} Bd7 {[%clk 01:13:15]} {[%emt 00:10:04]} 16. c4 {[%clk 01:15:27]}
{[%emt 00:01:40]} Ng4 {[%clk 01:11:08]} {[%emt 00:02:38]} 17. Nd2 {[%clk
01:11:43]} {[%emt 00:04:14]} Nf6 {[%clk 01:05:42]} {[%emt 00:05:56]} 18. Rab1
{[%clk 01:09:26]} {[%emt 00:02:46]} Nh5 {[%clk 01:02:42]} {[%emt 00:03:30]} 19.
Nf3 {[%clk 01:00:53]} {[%emt 00:09:05]} Bf6 {[%clk 01:01:18]} {[%emt 00:01:53]}
20. Bh6 {[%clk 00:58:52]} {[%emt 00:02:28]} Nf4 {[%clk 00:58:56]} {[%emt
00:02:55]} 21. Qd2 {[%clk 00:57:42]} {[%emt 00:01:33]} Bg7 {[%clk 00:56:45]}
{[%emt 00:02:49]} 22. Bg5 {[%clk 00:57:27]} {[%emt 00:00:45]} Rf7 {[%clk
00:55:46]} {[%emt 00:01:28]} 23. Rfe1 {[%clk 00:55:08]} {[%emt 00:02:47]} Qf8
{[%clk 00:55:19]} {[%emt 00:00:59]} 24. Bxf4 {[%clk 00:41:12]} {[%emt
00:14:26]} Rxf4 {[%clk 00:54:34]} {[%emt 00:01:15]} 25. h3 {[%clk 00:38:30]}
{[%emt 00:03:12]} Bxh3 {[%clk 00:53:37]} {[%emt 00:01:27]} 26. Nxe5 {[%clk
00:37:52]} {[%emt 00:01:07]} Bxe5 {[%clk 00:53:04]} {[%emt 00:01:04]} 27. gxh3
{[%clk 00:38:02]} {[%emt 00:00:20]} h5 {[%clk 00:27:40]} {[%emt 00:25:53]} 28.
b3 {[%clk 00:37:52]} {[%emt 00:00:41]} Qf6 {[%clk 00:25:56]} {[%emt 00:02:10]}
29. Ng2 {[%clk 00:35:32]} {[%emt 00:02:54]} Rf5 {[%clk 00:25:13]} {[%emt
00:01:12]} 30. Re2 {[%clk 00:32:54]} {[%emt 00:03:07]} Rf8 {[%clk 00:24:14]}
{[%emt 00:01:32]} 31. h4 {[%clk 00:32:13]} {[%emt 00:01:09]} Rf3 {[%clk
00:20:20]} {[%emt 00:04:25]} 32. a4 {[%clk 00:24:55]} {[%emt 00:07:48]} Qf5
{[%clk 00:20:27]} {[%emt 00:00:23]} 33. Qc2 {[%clk 00:24:00]} {[%emt 00:01:20]}
Qf6 {[%clk 00:17:09]} {[%emt 00:03:48]} 34. Qd2 {[%clk 00:24:14]} {[%emt
00:00:20]} Kh7 {[%clk 00:15:53]} {[%emt 00:01:42]} 35. Qg5 {[%clk 00:22:08]}
{[%emt 00:02:40]} Qf7 {[%clk 00:16:18]} {[%emt 00:00:06]} 36. Qd2 {[%clk
00:19:51]} {[%emt 00:02:46]} Qf5 {[%clk 00:16:25]} {[%emt 00:00:23]} 37. Qc2
{[%clk 00:18:13]} {[%emt 00:02:02]} Qh3 {[%clk 00:16:10]} {[%emt 00:00:49]} 38.
b4 {[%clk 00:15:39]} {[%emt 00:03:05]} Qh2+ {[%clk 00:16:19]} {[%emt 00:00:22]}
0-1

[Event "Deutsche Ländermeisterschaft 2025"]
[Site "Oer-Erkenschwick GER"]
[Date "2025.10.03"]
[Round "4"]
[White "Nunez Grégoire, Daniel"]
[Black "Haack, Kevin"]
[Result "1-0"]
[Termination "normal"]
[Board "3.1"]
[BlackTitle "FM"]
[WhiteElo "2245"]
[BlackElo "2380"]
[WhiteClock "00:15:21"]
[BlackClock "00:03:37"]
[WhiteTeam "Württemberg"]
[BlackTeam "Hessen"]
[PlyCount "135"]
[WhiteFideId "34627103"]
[BlackFideId "16228715"]
[EventCountry "GER"]
[EventRounds "7"]
[EventType "team-swiss"]
[EventDate "2025.09.30"]

1. d4 {[%clk 01:30:58]} Nf6 {[%clk 01:30:52]} {[%emt 00:00:07]} 2. c4 {[%clk
01:31:24]} {[%emt 00:00:07]} e6 {[%clk 01:31:16]} {[%emt 00:00:04]} 3. Nf3
{[%clk 01:31:52]} {[%emt 00:00:03]} b6 {[%clk 01:31:40]} {[%emt 00:00:06]} 4.
a3 {[%clk 01:32:18]} {[%emt 00:00:04]} Bb7 {[%clk 01:32:05]} {[%emt 00:00:04]}
5. Nc3 {[%clk 01:32:40]} {[%emt 00:00:09]} d5 {[%clk 01:32:30]} {[%emt
00:00:04]} 6. cxd5 {[%clk 01:32:59]} {[%emt 00:00:12]} Nxd5 {[%clk 01:32:54]}
{[%emt 00:00:05]} 7. Qc2 {[%clk 01:33:22]} {[%emt 00:00:08]} Nd7 {[%clk
01:27:00]} {[%emt 00:06:23]} 8. Bd2 {[%clk 01:32:36]} {[%emt 00:01:17]} Be7
{[%clk 01:14:52]} {[%emt 00:12:38]} 9. e4 {[%clk 01:32:44]} {[%emt 00:00:22]}
Nxc3 {[%clk 01:15:15]} {[%emt 00:00:06]} 10. Bxc3 {[%clk 01:33:07]} {[%emt
00:00:08]} O-O {[%clk 01:15:20]} {[%emt 00:00:25]} 11. Rd1 {[%clk 01:33:20]}
{[%emt 00:00:17]} a5 {[%clk 01:10:39]} {[%emt 00:05:10]} 12. Bd3 {[%clk
01:30:17]} {[%emt 00:03:34]} Ba6 {[%clk 01:05:59]} {[%emt 00:05:10]} 13. Bxa6
{[%clk 01:24:27]} {[%emt 00:06:20]} Rxa6 {[%clk 01:06:26]} {[%emt 00:00:02]}
14. O-O {[%clk 01:21:55]} {[%emt 00:03:02]} Qc8 {[%clk 00:58:58]} {[%emt
00:07:58]} 15. d5 {[%clk 01:11:11]} {[%emt 00:11:14]} exd5 {[%clk 00:55:28]}
{[%emt 00:04:00]} 16. Nd4 {[%clk 01:07:25]} {[%emt 00:04:17]} Bf6 {[%clk
00:43:41]} {[%emt 00:12:17]} 17. Nc6 {[%clk 00:54:20]} {[%emt 00:13:35]} Re8
{[%clk 00:38:26]} {[%emt 00:05:45]} 18. Bxf6 {[%clk 00:38:26]} {[%emt
00:16:24]} Nxf6 {[%clk 00:38:20]} {[%emt 00:00:36]} 19. e5 {[%clk 00:37:57]}
{[%emt 00:00:59]} Nd7 {[%clk 00:35:16]} {[%emt 00:03:33]} 20. Rxd5 {[%clk
00:37:08]} {[%emt 00:01:19]} Nc5 {[%clk 00:26:32]} {[%emt 00:09:14]} 21. Rfd1
{[%clk 00:33:14]} {[%emt 00:04:25]} Ra8 {[%clk 00:21:30]} {[%emt 00:05:32]} 22.
b4 {[%clk 00:32:13]} {[%emt 00:01:31]} axb4 {[%clk 00:21:50]} {[%emt 00:00:11]}
23. axb4 {[%clk 00:32:07]} {[%emt 00:00:35]} Ne6 {[%clk 00:22:12]} {[%emt
00:00:07]} 24. Qd2 {[%clk 00:28:03]} {[%emt 00:04:35]} Qa6 {[%clk 00:20:46]}
{[%emt 00:01:56]} 25. b5 {[%clk 00:25:57]} {[%emt 00:02:36]} Qa4 {[%clk
00:20:35]} {[%emt 00:00:41]} 26. g3 {[%clk 00:21:07]} {[%emt 00:05:21]} g6
{[%clk 00:20:44]} {[%emt 00:00:21]} 27. Rb1 {[%clk 00:19:18]} {[%emt 00:02:19]}
Qe4 {[%clk 00:18:31]} {[%emt 00:02:43]} 28. Re1 {[%clk 00:18:29]} {[%emt
00:01:19]} Qg4 {[%clk 00:15:04]} {[%emt 00:03:57]} 29. Qe2 {[%clk 00:16:53]}
{[%emt 00:02:06]} Qa4 {[%clk 00:14:17]} {[%emt 00:01:16]} 30. f4 {[%clk
00:15:34]} {[%emt 00:01:49]} Qb3 {[%clk 00:14:17]} {[%emt 00:00:31]} 31. Rd2
{[%clk 00:15:03]} {[%emt 00:01:02]} Ra4 {[%clk 00:12:15]} {[%emt 00:02:31]} 32.
Rf1 {[%clk 00:12:14]} {[%emt 00:03:19]} Rc4 {[%clk 00:09:37]} {[%emt 00:03:08]}
33. Rb2 {[%clk 00:09:18]} {[%emt 00:03:26]} Qc3 {[%clk 00:10:05]} {[%emt
00:00:01]} 34. Rf3 {[%clk 00:09:12]} {[%emt 00:00:36]} Nd4 {[%clk 00:08:31]}
{[%emt 00:02:04]} 35. Nxd4 {[%clk 00:09:21]} {[%emt 00:00:21]} Qxd4+ {[%clk
00:08:54]} {[%emt 00:00:06]} 36. Kg2 {[%clk 00:09:10]} {[%emt 00:00:41]} f6
{[%clk 00:06:45]} {[%emt 00:02:40]} 37. Rd3 {[%clk 00:05:19]} {[%emt 00:04:20]}
Qc5 {[%clk 00:07:06]} {[%emt 00:00:09]} 38. e6 {[%clk 00:03:46]} {[%emt
00:02:03]} Rc1 {[%clk 00:05:09]} {[%emt 00:02:27]} 39. Rd7 {[%clk 00:02:35]}
{[%emt 00:01:40]} h5 {[%clk 00:02:33]} {[%emt 00:03:07]} 40. Qd3 {[%clk
00:00:59]} {[%emt 00:02:06]} f5 {[%clk 00:00:33]} {[%emt 00:02:30]} 41. Rd8
{[%clk 00:27:37]} {[%emt 00:03:53]} Qe7 {[%clk 00:18:40]} {[%emt 00:12:23]} 42.
Rxe8+ {[%clk 00:27:01]} {[%emt 00:01:06]} Qxe8 {[%clk 00:19:09]} {[%emt
00:00:01]} 43. Re2 {[%clk 00:25:53]} {[%emt 00:01:37]} h4 {[%clk 00:12:10]}
{[%emt 00:07:29]} 44. e7 {[%clk 00:22:22]} {[%emt 00:04:01]} hxg3 {[%clk
00:11:24]} {[%emt 00:01:17]} 45. Qd8 {[%clk 00:21:14]} {[%emt 00:01:38]} Kf7
{[%clk 00:11:52]} {[%emt 00:00:01]} 46. Re6 {[%clk 00:20:07]} {[%emt 00:01:38]}
gxh2 {[%clk 00:09:16]} {[%emt 00:03:06]} 47. Kxh2 {[%clk 00:20:05]} {[%emt
00:00:32]} Qxd8 {[%clk 00:08:08]} {[%emt 00:01:38]} 48. exd8=Q {[%clk
00:20:17]} {[%emt 00:00:19]} Kxe6 {[%clk 00:08:35]} {[%emt 00:00:02]} 49. Qe8+
{[%clk 00:19:49]} {[%emt 00:00:58]} Kf6 {[%clk 00:08:35]} {[%emt 00:00:31]} 50.
Qf8+ {[%clk 00:19:44]} {[%emt 00:00:35]} Ke6 {[%clk 00:08:59]} {[%emt
00:00:05]} 51. Qg7 {[%clk 00:19:57]} {[%emt 00:00:17]} Rc5 {[%clk 00:08:59]}
{[%emt 00:00:30]} 52. Kg3 {[%clk 00:19:40]} {[%emt 00:00:47]} Kd6 {[%clk
00:02:39]} {[%emt 00:06:50]} 53. Qxg6+ {[%clk 00:19:39]} {[%emt 00:00:32]} Kd7
{[%clk 00:03:08]} 54. Qf7+ {[%clk 00:19:29]} {[%emt 00:00:38]} Kd6 {[%clk
00:03:14]} {[%emt 00:00:25]} 55. Qe8 {[%clk 00:19:26]} {[%emt 00:00:32]} Kd5
{[%clk 00:03:03]} {[%emt 00:00:43]} 56. Qa8+ {[%clk 00:18:45]} {[%emt
00:01:10]} Kd4 {[%clk 00:03:15]} {[%emt 00:00:18]} 57. Kf3 {[%clk 00:17:35]}
{[%emt 00:01:40]} Kc3 {[%clk 00:02:20]} {[%emt 00:01:26]} 58. Qa4 {[%clk
00:16:54]} {[%emt 00:01:10]} Kd3 {[%clk 00:02:43]} {[%emt 00:00:08]} 59. Qb3+
{[%clk 00:15:34]} {[%emt 00:01:50]} Kd4 {[%clk 00:03:08]} {[%emt 00:00:05]} 60.
Ke2 {[%clk 00:15:18]} {[%emt 00:00:46]} Rc3 {[%clk 00:02:48]} {[%emt 00:00:50]}
61. Qb4+ {[%clk 00:14:42]} {[%emt 00:01:06]} Rc4 {[%clk 00:03:16]} {[%emt
00:00:02]} 62. Qd2+ {[%clk 00:14:38]} {[%emt 00:00:34]} Kc5 {[%clk 00:03:31]}
{[%emt 00:00:15]} 63. Qd7 {[%clk 00:14:47]} {[%emt 00:00:20]} Kb4 {[%clk
00:02:10]} {[%emt 00:01:51]} 64. Qxf5 {[%clk 00:14:50]} {[%emt 00:00:28]} Rc5
{[%clk 00:02:39]} 65. Qb1+ {[%clk 00:14:56]} {[%emt 00:00:23]} Ka5 {[%clk
00:02:52]} {[%emt 00:00:16]} 66. f5 {[%clk 00:15:11]} {[%emt 00:00:15]} Re5+
{[%clk 00:03:16]} {[%emt 00:00:07]} 67. Kf3 {[%clk 00:15:25]} {[%emt 00:00:17]}
Rxb5 {[%clk 00:03:37]} {[%emt 00:00:08]} 68. Qxb5+ {[%clk 00:15:21]} {[%emt
00:00:34]} 1-0

[Event "Deutsche Ländermeisterschaft 2025"]
[Site "Oer-Erkenschwick GER"]
[Date "2025.10.03"]
[Round "4"]
[White "Mester, Philipp"]
[Black "Yasmo, Daniil"]
[Result "0-1"]
[Termination "normal"]
[Board "3.2"]
[WhiteElo "2246"]
[BlackElo "2095"]
[WhiteClock "00:00:35"]
[BlackClock "00:14:56"]
[WhiteTeam "Hessen"]
[BlackTeam "Württemberg"]
[PlyCount "108"]
[WhiteFideId "34624902"]
[BlackFideId "14199165"]
[EventCountry "GER"]
[EventRounds "7"]
[EventType "team-swiss"]
[EventDate "2025.09.30"]

1. d4 {[%clk 01:30:57]} {[%emt 00:00:02]} d5 {[%clk 01:30:56]} {[%emt
00:00:04]} 2. c4 {[%clk 01:31:24]} {[%emt 00:00:03]} e6 {[%clk 01:31:23]}
{[%emt 00:00:03]} 3. Nc3 {[%clk 01:31:50]} {[%emt 00:00:03]} Be7 {[%clk
01:31:25]} {[%emt 00:00:29]} 4. e4 {[%clk 01:21:00]} {[%emt 00:11:21]} dxe4
{[%clk 01:30:42]} {[%emt 00:01:12]} 5. Nxe4 {[%clk 01:21:10]} {[%emt 00:00:20]}
Nf6 {[%clk 01:27:18]} {[%emt 00:03:54]} 6. Nc3 {[%clk 01:19:49]} {[%emt
00:01:50]} O-O {[%clk 01:26:18]} {[%emt 00:01:30]} 7. Be3 {[%clk 01:15:06]}
{[%emt 00:05:13]} b6 {[%clk 01:24:14]} {[%emt 00:02:34]} 8. Nf3 {[%clk
01:05:50]} {[%emt 00:09:47]} Bb7 {[%clk 01:24:29]} {[%emt 00:00:15]} 9. Be2
{[%clk 01:03:11]} {[%emt 00:03:08]} Nbd7 {[%clk 01:19:56]} {[%emt 00:05:03]}
10. O-O {[%clk 00:54:51]} {[%emt 00:08:50]} c5 {[%clk 01:20:23]} {[%emt
00:00:03]} 11. h3 {[%clk 00:37:43]} {[%emt 00:17:38]} cxd4 {[%clk 01:18:06]}
{[%emt 00:02:46]} 12. Nxd4 {[%clk 00:33:55]} {[%emt 00:04:19]} Rc8 {[%clk
01:18:31]} {[%emt 00:00:04]} 13. Ndb5 {[%clk 00:32:13]} {[%emt 00:02:13]} a6
{[%clk 01:08:08]} {[%emt 00:10:53]} 14. Nd6 {[%clk 00:32:17]} {[%emt 00:00:25]}
Bxd6 {[%clk 01:08:33]} {[%emt 00:00:05]} 15. Qxd6 {[%clk 00:32:41]} {[%emt
00:00:06]} Rc6 {[%clk 00:57:11]} {[%emt 00:11:51]} 16. Qb4 {[%clk 00:31:16]}
{[%emt 00:01:56]} Qc7 {[%clk 00:52:47]} {[%emt 00:04:53]} 17. Na4 {[%clk
00:29:08]} {[%emt 00:02:38]} e5 {[%clk 00:46:58]} {[%emt 00:06:19]} 18. Rfd1
{[%clk 00:27:51]} {[%emt 00:01:47]} Rc8 {[%clk 00:44:04]} {[%emt 00:03:23]} 19.
Rd2 {[%clk 00:20:18]} {[%emt 00:08:03]} h6 {[%clk 00:31:41]} {[%emt 00:12:53]}
20. Rad1 {[%clk 00:18:39]} {[%emt 00:02:09]} Nc5 {[%clk 00:32:00]} {[%emt
00:00:11]} 21. Nxc5 {[%clk 00:17:51]} {[%emt 00:01:18]} bxc5 {[%clk 00:32:26]}
{[%emt 00:00:04]} 22. Qa3 {[%clk 00:18:07]} {[%emt 00:00:14]} Re6 {[%clk
00:30:50]} {[%emt 00:02:05]} 23. g3 {[%clk 00:12:14]} {[%emt 00:06:24]} Kh7
{[%clk 00:26:28]} {[%emt 00:04:51]} 24. Bd3+ {[%clk 00:10:36]} {[%emt
00:02:08]} g6 {[%clk 00:26:50]} {[%emt 00:00:08]} 25. Kh2 {[%clk 00:09:16]}
{[%emt 00:01:51]} Qc6 {[%clk 00:24:53]} {[%emt 00:02:27]} 26. Rg1 {[%clk
00:08:26]} {[%emt 00:01:19]} Rd6 {[%clk 00:21:25]} {[%emt 00:03:58]} 27. Bf1
{[%clk 00:07:24]} {[%emt 00:01:32]} Rxd2 {[%clk 00:21:28]} {[%emt 00:00:27]}
28. Bxd2 {[%clk 00:07:40]} {[%emt 00:00:14]} Qe6 {[%clk 00:19:45]} {[%emt
00:02:13]} 29. Qe3 {[%clk 00:06:12]} {[%emt 00:01:57]} g5 {[%clk 00:15:53]}
{[%emt 00:04:23]} 30. Bd3+ {[%clk 00:05:01]} {[%emt 00:01:41]} e4 {[%clk
00:14:34]} {[%emt 00:01:48]} 31. Be2 {[%clk 00:05:20]} {[%emt 00:00:13]} Nd7
{[%clk 00:12:12]} {[%emt 00:02:51]} 32. Rd1 {[%clk 00:04:44]} {[%emt 00:01:06]}
f5 {[%clk 00:08:38]} {[%emt 00:04:04]} 33. Bc3 {[%clk 00:04:41]} {[%emt
00:00:33]} Rc6 {[%clk 00:06:06]} {[%emt 00:03:02]} 34. Qd2 {[%clk 00:04:39]}
{[%emt 00:00:32]} Bc8 {[%clk 00:06:33]} {[%emt 00:00:04]} 35. Qd5 {[%clk
00:02:50]} {[%emt 00:02:19]} Kg6 {[%clk 00:06:46]} {[%emt 00:00:17]} 36. Rd2
{[%clk 00:02:16]} {[%emt 00:01:04]} h5 {[%clk 00:06:58]} {[%emt 00:00:17]} 37.
Bd1 {[%clk 00:02:07]} {[%emt 00:00:40]} Qxd5 {[%clk 00:05:38]} {[%emt
00:01:50]} 38. cxd5 {[%clk 00:02:19]} {[%emt 00:00:18]} Rd6 {[%clk 00:05:15]}
{[%emt 00:00:52]} 39. Ba5 {[%clk 00:00:42]} {[%emt 00:02:08]} Nb6 {[%clk
00:02:28]} {[%emt 00:03:16]} 40. Bxb6 {[%clk 00:00:37]} {[%emt 00:00:35]} Rxb6
{[%clk 00:02:54]} {[%emt 00:00:04]} 41. Ba4 {[%clk 00:21:41]} {[%emt 00:09:26]}
Rd6 {[%clk 00:31:22]} {[%emt 00:02:01]} 42. Bb3 {[%clk 00:21:23]} {[%emt
00:00:49]} Bb7 {[%clk 00:30:44]} {[%emt 00:01:08]} 43. Rc2 {[%clk 00:20:54]}
{[%emt 00:00:59]} Kf6 {[%clk 00:30:48]} {[%emt 00:00:26]} 44. Rxc5 {[%clk
00:20:22]} {[%emt 00:01:03]} Ke5 {[%clk 00:31:02]} {[%emt 00:00:15]} 45. Ra5
{[%clk 00:10:41]} {[%emt 00:10:11]} h4 {[%clk 00:30:00]} {[%emt 00:01:32]} 46.
gxh4 {[%clk 00:10:42]} {[%emt 00:00:30]} gxh4 {[%clk 00:30:26]} {[%emt
00:00:04]} 47. Kg2 {[%clk 00:04:13]} {[%emt 00:06:59]} f4 {[%clk 00:30:10]}
{[%emt 00:00:44]} 48. Kf1 {[%clk 00:04:21]} {[%emt 00:00:24]} Bc8 {[%clk
00:28:10]} {[%emt 00:02:29]} 49. Rc5 {[%clk 00:01:03]} {[%emt 00:03:49]} Bxh3+
{[%clk 00:28:20]} {[%emt 00:00:19]} 50. Kg1 {[%clk 00:01:28]} {[%emt 00:00:06]}
f3 {[%clk 00:25:23]} {[%emt 00:03:27]} 51. Rc6 {[%clk 00:00:44]} {[%emt
00:01:14]} Bd7 {[%clk 00:23:18]} {[%emt 00:02:35]} 52. Rc7 {[%clk 00:00:47]}
{[%emt 00:00:27]} h3 {[%clk 00:18:39]} {[%emt 00:05:08]} 53. Kh2 {[%clk
00:00:57]} {[%emt 00:00:20]} e3 {[%clk 00:15:53]} {[%emt 00:03:17]} 54. Kg3
{[%clk 00:00:35]} {[%emt 00:00:52]} Rg6+ {[%clk 00:14:56]} {[%emt 00:01:26]}
0-1

[Event "Deutsche Ländermeisterschaft 2025"]
[Site "Oer-Erkenschwick GER"]
[Date "2025.10.03"]
[Round "4"]
[White "Ensslinger, Colin"]
[Black "Burkart, Lloyd Shang"]
[Result "1/2-1/2"]
[Termination "normal"]
[Board "3.3"]
[WhiteElo "2095"]
[BlackElo "2080"]
[WhiteClock "00:00:49"]
[BlackClock "00:00:34"]
[WhiteTeam "Württemberg"]
[BlackTeam "Hessen"]
[PlyCount "56"]
[WhiteFideId "16226011"]
[BlackFideId "16239059"]
[EventCountry "GER"]
[EventRounds "7"]
[EventType "team-swiss"]
[EventDate "2025.09.30"]

1. e4 {[%clk 01:30:25]} {[%emt 00:00:35]} c5 {[%clk 01:30:38]} {[%emt
00:00:22]} 2. Nc3 {[%clk 01:30:34]} {[%emt 00:00:20]} e6 {[%clk 01:30:48]}
{[%emt 00:00:20]} 3. Nge2 {[%clk 01:30:57]} {[%emt 00:00:07]} a6 {[%clk
01:25:58]} {[%emt 00:05:20]} 4. g3 {[%clk 01:28:33]} {[%emt 00:02:55]} Nc6
{[%clk 01:23:37]} {[%emt 00:02:51]} 5. Bg2 {[%clk 01:28:15]} {[%emt 00:00:49]}
g6 {[%clk 01:22:16]} {[%emt 00:01:50]} 6. O-O {[%clk 01:25:35]} {[%emt
00:03:10]} Bg7 {[%clk 01:22:34]} {[%emt 00:00:12]} 7. f4 {[%clk 01:25:27]}
{[%emt 00:00:37]} d6 {[%clk 01:19:26]} {[%emt 00:03:38]} 8. d3 {[%clk
01:21:57]} {[%emt 00:04:01]} Nge7 {[%clk 01:19:27]} {[%emt 00:00:29]} 9. Qe1
{[%clk 01:19:53]} {[%emt 00:02:33]} O-O {[%clk 01:15:34]} {[%emt 00:04:24]} 10.
g4 {[%clk 01:13:14]} {[%emt 00:07:10]} f5 {[%clk 01:14:03]} {[%emt 00:02:01]}
11. exf5 {[%clk 01:09:08]} {[%emt 00:04:37]} exf5 {[%clk 01:12:11]} {[%emt
00:02:21]} 12. g5 {[%clk 01:08:43]} {[%emt 00:00:55]} d5 {[%clk 01:09:47]}
{[%emt 00:02:54]} 13. Nb1 {[%clk 00:38:35]} {[%emt 00:30:37]} Re8 {[%clk
01:03:09]} {[%emt 00:07:08]} 14. Qf2 {[%clk 00:36:41]} {[%emt 00:02:23]} d4
{[%clk 00:56:33]} {[%emt 00:07:07]} 15. Nd2 {[%clk 00:26:30]} {[%emt 00:10:40]}
Nb4 {[%clk 00:39:01]} {[%emt 00:18:02]} 16. Nb3 {[%clk 00:21:55]} {[%emt
00:05:05]} Nxc2 {[%clk 00:38:48]} {[%emt 00:00:44]} 17. Rb1 {[%clk 00:22:23]}
Qd6 {[%clk 00:32:46]} {[%emt 00:06:31]} 18. Bd2 {[%clk 00:20:36]} {[%emt
00:02:18]} Be6 {[%clk 00:25:07]} {[%emt 00:08:09]} 19. Rfc1 {[%clk 00:14:47]}
{[%emt 00:06:20]} c4 {[%clk 00:21:54]} {[%emt 00:03:43]} 20. dxc4 {[%clk
00:11:53]} {[%emt 00:03:25]} d3 {[%clk 00:15:49]} {[%emt 00:06:35]} 21. Bxb7
{[%clk 00:09:49]} {[%emt 00:02:34]} Rad8 {[%clk 00:05:55]} {[%emt 00:10:23]}
22. c5 {[%clk 00:04:33]} {[%emt 00:05:46]} Qc7 {[%clk 00:06:07]} {[%emt
00:00:18]} 23. Bxa6 {[%clk 00:03:48]} {[%emt 00:01:15]} Bxb3 {[%clk 00:03:39]}
{[%emt 00:02:58]} 24. axb3 {[%clk 00:03:48]} {[%emt 00:00:30]} Nc6 {[%clk
00:03:09]} {[%emt 00:01:00]} 25. Bc4+ {[%clk 00:03:28]} {[%emt 00:00:50]} Kh8
{[%clk 00:03:18]} {[%emt 00:00:20]} 26. Ng3 {[%clk 00:03:14]} {[%emt 00:00:44]}
N6d4 {[%clk 00:00:34]} {[%emt 00:03:14]} 27. Bxd3 {[%clk 00:00:45]} {[%emt
00:02:58]} Qxc5 {[%clk 00:00:33]} {[%emt 00:00:32]} 28. Rxc2 {[%clk 00:00:49]}
{[%emt 00:00:26]} Nxc2 {[%clk 00:00:34]} {[%emt 00:00:28]} 1/2-1/2